000 00506nam a2200193Ia 4500
005 20260429111945.0
008 260429s9999||||xx |||||||||||||| ||und||
020 _a9788184113617
041 _aEnglish
082 _a547
_bSIN
100 _aSingh, Udai Veer
245 0 _aOrganic biochemistry /
_cUdai Veer Singh
260 _aNew Delhi :
_bSonali Publications,
_c2025.
300 _avii, 320 p.; hb
650 _a Biochemistry
650 _a Organic chemistry
650 _aChemistry
942 _cTB
999 _c51619
_d51619